000
00252nam a22001097a 4500
082
_a
340
100
_a
Garg,Sandeep
245
_a
The Specific Relief Act,1963
260
_a
Delhi
_b
Commercial Law Publishers
_c
2025
650
_a
LAW
942
_c
C. BOOKS
999
_c
68239
_d
68239